| 000 | 00487 a2200169 4500 | ||
|---|---|---|---|
| 020 | _a0072130849 | ||
| 040 |
_aDLC _bEnglish |
||
| 082 | 0 | 0 | _a005.133 |
| 100 | 1 | _aSchildt, Herbert. | |
| 245 | 1 | 0 |
_aJava 2 :the complete reference _cHerbert Schildt. |
| 250 | _a4th ed. | ||
| 260 |
_aBerkeley, Calif. : _bOsborne/McGraw-Hill, _cc2001. |
||
| 300 |
_axxvi, 1077 p. : _bill. ; _c23 cm. |
||
| 500 | _aIncludes index. | ||
| 650 | 0 | _aJava (Computer program language) | |
| 942 |
_cBK _k005.133 SCH _2ddc |
||
| 999 |
_c6154 _d6154 |
||